[Event "Western Asia-ch U16 Girls"]
[Site "Delhi"]
[Date "2019.09.07"]
[Round "4"]
[White "Bristy, Mukherjee"]
[Black "Shreetu, Bhavikbhai Nandi"]
[Result "1/2-1/2"]
[WhiteElo "1931"]
[BlackElo "1480"]
[PlyCount "61"]
[EventDate "2019.09.06"]
[EventType "swiss"]
[EventRounds "9"]
[EventCountry "IND"]
[SourceTitle "CBM 192 Extra"]
[Source "Chessbase"]
[SourceDate "2019.11.06"]
[SourceVersion "1"]
[SourceVersionDate "2019.11.06"]
[SourceQuality "1"]

1. e4 c5 2. Nc3 e6 3. Nf3 Nc6 4. Bb5 Nge7 5. e5 d5 6. exd6 Qxd6 7. Ne4 Qd5 8. d3 Ng6 9. Be3 Be7 10. c4 Qd8 11. Nxc5 0-0 12. Bxc6 bxc6 13. 0-0 Qc7 14. Qc2 Rd8 15. Rad1 e5 16. b4 Bg4 17. Qe2 Nh4 18. Kh1 Qc8 19. Rg1 f5 20. Bc1 Re8 21. h3 Bxf3 22. gxf3 f4 23. Kh2 Bxc5 24. bxc5 Re6 25. Rg4 Rh6 26. Rdg1 Ng6 27. Qe4 Qe8 28. d4 exd4 29. Qxd4 Rd8 30. Qc3 Qe2 31. R1g2 1/2-1/2

[Event "IND-ch U13 Girls"]
[Site "Gujarath"]
[Date "2016.07.22"]
[Round "1"]
[White "Shreetu, Bhavikbhai Nandi"]
[Black "Rindhiya, V."]
[Result "0-1"]
[WhiteElo "1194"]
[BlackElo "1638"]
[PlyCount "102"]
[EventDate "2016.07.22"]
[EventType "swiss"]
[EventRounds "11"]
[EventCountry "IND"]
[SourceTitle "EXT 2017"]
[Source "ChessBase"]
[SourceDate "2016.10.25"]
[SourceVersion "1"]
[SourceVersionDate "2016.10.25"]
[SourceQuality "1"]

1. c4 e5 2. Nc3 Nc6 3. a3 a5 4. Nf3 d6 5. g3 g6 6. Bg2 Bg7 7. d3 Nge7 8. 0-0 0-0 9. Rb1 f5 10. e3 Kh8 11. Bd2 Bd7 12. Re1 Qe8 13. Qc1 Qf7 14. Ng5 Qf6 15. Nf3 h6 16. Nd5 Qf7 17. Nxc7 Rac8 18. Nb5 Qf6 19. Nc3 Qf7 20. Rf1 Be6 21. b4 axb4 22. axb4 e4 23. dxe4 Bxc4 24. Re1 Bd3 25. exf5 Bxb1 26. Qxb1 Qxf5 27. Ne4 Rcd8 28. Rf1 d5 29. Nc5 b6 30. Qxf5 Rxf5 31. Ne6 Ra8 32. Nh4 Rf6 33. Nc7 Rc8 34. Nxd5 Nxd5 35. Bxd5 Ne5 36. Be4 Rc4 37. Bg2 g5 38. f4 Nd3 39. Nf3 gxf4 40. exf4 Re6 41. Nh4 Rc2 42. Nf3 Re2 43. f5 Rcxd2 44. Nxd2 Bd4+ 45. Kh1 Rxd2 46. f6 Nf2+ 47. Kg1 Ng4+ 48. Kh1 Rxg2 49. Kxg2 Ne3+ 50. Kf2 Nxf1+ 51. Kxf1 Kg8 0-1